El stock de capital en la Argentina (Registro nro. 16501)

Detalles MARC
000 -LEADER
fixed length control field 00361 a2200121 4500
001 - CONTROL NUMBER
control field ART_3554
005 - DATE AND TIME OF LATEST TRANSACTION
control field 20260410161716.0
008 - FIXED-LENGTH DATA ELEMENTS--GENERAL INFORMATION
fixed length control field 260409a
100 1# - MAIN ENTRY--PERSONAL NAME
Personal name Goldberg, Samuel
245 10 - TITLE STATEMENT
Title El stock de capital en la Argentina
700 1# - ADDED ENTRY--PERSONAL NAME
Personal name Benencia, Roberto
773 0# - HOST ITEM ENTRY
Title Desarrollo económico
Related parts - Vol. 28, Nº 110 (jul./sep. 1988)
Record control number REV1174

No hay ítems disponibles.